000 01244nam a2200313 4500
001 133
003 OSt
005 20250207104518.0
008 250128b |||||||g |||| 00| 0 eng d
040 _bpor
041 _heng
_apor
082 _a920
_bC555d
100 1 _aChristie, Agatha,
_d1890-1976
_9268
240 _aCome, tell me how you live
245 _aDesenterrando o passado /
_cChristie, Agatha ; Tradução de Cora Rónai Vieira
250 _a3° edição
260 _aRio de Janeiro
_bNova Fronteira
_c1976
300 _a204 p.
520 _aA autora narra o trabalho do marido, um dos maiores arqueólogos do nosso tempo, Max Mallowan, e suas implicações para a vida de ambos. A história começa alguns anos antes da Segunda Guerra Mundial, quando o casal visita o Iraque e a Síria. Agatha Christie faz uma crônica dessa experiência e relata de forma divertida como se vive enquanto se desenterra o passado do Oriente Médio
650 0 _aLiteratura Inglesa
_989
650 0 _aFatos Reais
_933
650 0 _aViagens
_9189
650 0 _aExperiência de vida
_9188
650 0 _aHumor
_960
650 0 _aHistória
_9116
655 0 _aBiografia
_936
700 _aCora Rónai Vieira
_eTradutor
_9281
942 _2ddc
_n0
_cBK
999 _c133
_d133